{"text_format":"1","workbook":"xlsx","n_sheets":3,"sheets":["Formato","Instructivo de Diligenciamiento","Listas"],"not_rendered":{"charts":0,"images":3,"macros":1,"external_links":0,"defined_names":3,"comments":1,"pivot_tables":0},"unopened":[],"bounds":{"document_bytes":16777216,"sheet_cells":100000,"rows_first":2000,"rows_last":500,"rows_between":2000,"halvings":0,"cell_chars":16384,"cell_head_chars":4096},"cells_cut":0,"cells_raw":0,"read":"whole","date_system":"1900"}

{"sheet":"Formato","index":0,"n_rows":98,"n_cols":17,"rows_kept":98,"cut":false,"hidden":false,"merged":[[74,2,74,3],[74,8,74,9],[74,10,74,11],[74,16,74,17],[75,2,75,3],[75,8,75,9],[75,10,75,11],[75,16,75,17],[72,2,72,3],[72,8,72,9],[72,10,72,11],[72,16,72,17],[60,2,60,3],[60,8,60,9],[60,10,60,11],[60,16,60,17],[69,2,69,3],[69,8,69,9],[69,10,69,11],[69,16,69,17],[73,2,73,3],[73,8,73,9],[73,10,73,11],[73,16,73,17],[61,2,61,3],[61,8,61,9],[61,10,61,11],[61,16,61,17],[65,2,65,3],[65,8,65,9],[65,10,65,11],[65,16,65,17],[62,2,62,3],[62,8,62,9],[62,10,62,11],[62,16,62,17],[63,2,63,3],[63,8,63,9],[63,10,63,11],[63,16,63,17],[48,2,48,3],[48,8,48,9],[48,10,48,11],[48,16,48,17],[53,2,53,3],[53,8,53,9],[53,10,53,11],[53,16,53,17],[50,2,50,3],[50,8,50,9],[50,10,50,11],[50,16,50,17],[51,2,51,3],[51,8,51,9],[51,10,51,11],[51,16,51,17],[49,2,49,3],[49,8,49,9],[49,10,49,11],[49,16,49,17],[78,2,78,3],[78,8,78,9],[78,10,78,11],[78,16,78,17],[79,2,79,3],[79,8,79,9],[79,10,79,11],[79,16,79,17],[76,2,76,3],[76,8,76,9],[76,10,76,11],[76,16,76,17],[77,2,77,3],[77,8,77,9],[77,10,77,11],[77,16,77,17],[70,2,70,3],[70,8,70,9],[70,10,70,11],[70,16,70,17],[71,2,71,3],[71,8,71,9],[71,10,71,11],[71,16,71,17],[68,2,68,3],[68,8,68,9],[68,10,68,11],[68,16,68,17],[66,2,66,3],[66,8,66,9],[66,10,66,11],[66,16,66,17],[67,2,67,3],[67,8,67,9],[67,10,67,11],[67,16,67,17],[64,2,64,3],[64,8,64,9],[64,10,64,11],[64,16,64,17],[58,2,58,3],[58,8,58,9],[58,10,58,11],[58,16,58,17],[59,2,59,3],[59,8,59,9],[59,10,59,11],[59,16,59,17],[56,2,56,3],[56,8,56,9],[56,10,56,11],[56,16,56,17],[57,2,57,3],[57,8,57,9],[57,10,57,11],[57,16,57,17],[54,2,54,3],[54,8,54,9],[54,10,54,11],[54,16,54,17],[55,2,55,3],[55,8,55,9],[55,10,55,11],[55,16,55,17],[52,2,52,3],[52,8,52,9],[52,10,52,11],[52,16,52,17],[46,2,46,3],[46,8,46,9],[46,10,46,11],[46,16,46,17],[47,2,47,3],[47,8,47,9],[47,10,47,11],[47,16,47,17],[42,10,42,11],[42,16,42,17],[43,2,43,3],[43,8,43,9],[43,10,43,11],[43,16,43,17],[96,10,97,14],[96,1,96,3],[96,6,96,8],[97,1,97,3],[97,4,97,5],[97,6,97,8],[84,0,84,17],[88,1,88,4],[88,5,88,7],[88,8,88,11],[89,1,89,4],[89,5,89,7],[89,8,89,11],[86,1,86,4],[86,5,86,7],[86,8,86,11],[87,1,87,4],[87,5,87,7],[87,8,87,11],[91,1,91,3],[91,11,93,13],[94,11,94,13],[94,1,94,3],[94,6,94,8],[39,16,39,17],[81,6,81,7],[81,8,81,9],[39,10,39,11],[39,2,39,3],[39,8,39,9],[40,2,40,3],[40,8,40,9],[40,10,40,11],[40,16,40,17],[41,2,41,3],[41,8,41,9],[41,10,41,11],[41,16,41,17],[42,2,42,3],[42,8,42,9],[44,2,44,3],[44,8,44,9],[44,10,44,11],[44,16,44,17],[45,2,45,3],[45,8,45,9],[45,10,45,11],[45,16,45,17],[38,2,38,3],[38,16,38,17],[38,10,38,11],[37,10,37,17],[31,6,31,8],[31,11,31,13],[37,1,37,9],[31,1,31,2],[31,4,31,5],[31,9,31,10],[35,0,35,17],[37,0,38,0],[38,8,38,9],[29,9,29,10],[21,1,21,13],[7,3,7,9],[9,1,9,2],[9,3,9,7],[7,12,7,13],[23,1,23,2],[23,4,23,8],[19,1,19,13],[29,1,29,2],[29,11,29,13],[17,1,17,13],[29,4,29,8],[15,1,15,2],[13,1,13,13],[27,1,27,2],[4,4,5,5],[27,6,27,8],[27,9,27,10],[27,11,27,13],[15,3,15,7],[27,4,27,5],[1,1,1,13],[7,1,7,2],[11,1,11,2],[23,9,23,13],[25,1,25,2],[25,4,25,5],[25,6,25,8],[25,9,25,10],[25,11,25,13],[11,3,11,9],[9,10,9,11],[9,12,9,13],[2,1,2,13],[4,1,5,3],[4,10,5,11],[4,7,5,9]]}
[]
[null,"FORMATO PARA MODIFICACIÓN DE ÓRDENES DE COMPRA"]
[null,"Tienda Virtual del Estado Colombiano"]
[]
[null,"Número de Orden de Compra a modificar:",null,null,13089,null,null,"Número de modificación de la Orden de Compra:",null,null,1]
[]
[]
[null,"Entidad Compradora:",null,"SUPERINTENDENCIA DE NOTARIADO Y REGISTRO",null,null,null,null,null,null,null,"NIT:","899999007-0"]
[]
[null,"Nombre del solicitante:",null,"ALBA LUCIA GOMEZ GOMEZ",null,null,null,null,null,null,"Teléfono de contacto:",null,3282121]
[]
[null,"Proveedor :",null,"INSTITUCIONAL STAR SERVICES LTDA"]
[]
[null,"Sección 1: Tipo de acción"]
[]
[null,"Tipo",null,"Modificación de la Orden de Compra"]
[]
[null,"Sección 2: Justificación de la modificación o de las acciones a realizar"]
[]
[null,"Se modifica la orden de Compra No. 13089 adiconando el valor en la suma de CIENTO TRECE MILLONES NOVECIENTOS ONCE MIL OCHOCIENTOS VEINTI SEIS  PESOS CON OCHENTA Y DOS CENTAVOS  ($113.911.826,82) mcte  y se prorroga hasta el 20 de Enero de 2017, con el fin de adquirir nuevos elementos de papelearia y utiles de oficina para el Nivel Central y Oficinas de Registro del Pais."]
[]
[null,"Sección 3:  Modificación información general"]
[]
[null,"Nombre del campo",null,"¿Requiere modificación Si/No?","Datos actuales",null,null,null,null,"Nuevos datos"]
[]
[null,"Actualizar supervisor",null,"NO","Nombre del supervisor actual",null,0,null,null,"Nombre nuevo supervisor"]
[]
[null,"Dirección y/o teléfono Supervisor",null,"NO","Teléfono actual supervisor",null,0,null,null,"Teléfono nuevo supervisor"]
[]
[null,"Fecha de vencimiento",null,"Ampliar fecha","   La fecha vencimiento actual se tomará de la TVEC al momento del cambio",null,null,null,null,"Nueva fecha de vencimiento",null,"2017-01-20"]
[]
[null,"Dirección y/o teléfono Entidad",null,"NO","Dirección / teléfono actual Entidad",null,0,null,null,"Nueva dirección / teléfono Entidad"]
[]
[]
[]
["Sección 4: Modificación de artículos y servicios"]
[]
["Tipo de modificación","Información actual",null,null,null,null,null,null,null,null,"Nueva información"]
[null,"Número de la línea según O.C.","Nombre del artículo",null,"Cantidad","Unidad de medida","Precio unitario","Total","Información presupuestal",null,"Nombre del artículo",null,"Cantidad","Unidad de medida","Precio unitario","Total","Información presupuestal"]
["Agregar nuevo artículo o servicio","No aplica","No aplica",null,"No aplica","No aplica","No aplica",0,"No aplica",null,"Almohadilla Dactilar",null,30,"Unidad",1333,{"$f":"ROUND(M40*O40, 2)","v":39990},"CDP-112216 Y DCP 121216"]
["Agregar nuevo artículo o servicio","No aplica","No aplica",null,"No aplica","No aplica","No aplica",0,"No aplica",null,"Bandas Elásticas Ref. 22 X 25G",null,997,"Caja",249,{"$f":"ROUND(M41*O41, 2)","v":248253},"CDP-112216 Y DCP 121216"]
["Agregar nuevo artículo o servicio","No aplica","No aplica",null,"No aplica","No aplica","No aplica",0,"No aplica",null,"Banderitas-Mini-Banderitas- Señales Autoadhesivas",null,200,"Unidad",3000,600000,"CDP-112216 Y DCP 121216"]
["Agregar nuevo artículo o servicio","No aplica","No aplica",null,"No aplica","No aplica","No aplica",0,"No aplica",null,"Bisturí 18Mm Metálico",null,300,"Unidad",5287,1586100,"CDP-112216 Y DCP 121216"]
["Agregar nuevo artículo o servicio","No aplica","No aplica",null,"No aplica","No aplica","No aplica",0,"No aplica",null,"Bolígrafo Azul ",null,500,"Unidad",400,200000,"CDP-112216 Y DCP 121216"]
["Modificación de artículo o servicio",1,"Bolígrafo Negro",null,2522,"Unidad",165,{"$f":"ROUND(E45*G45, 2)","v":416130},"CDP-112216 Y DCP 121216",null,{"$f":"C45","v":"Bolígrafo Negro"},null,3022,"Unidad",165,498630,"CDP-112216 Y DCP 121216"]
["Agregar nuevo artículo o servicio","No aplica","No aplica",null,"No aplica","No aplica","No aplica",0,"No aplica",null,"Bolígrafo Rojo",null,500,"Unidad",400,200000,"CDP-112216 Y DCP 121216"]
["Agregar nuevo artículo o servicio","No aplica","No aplica",null,"No aplica","No aplica","No aplica",0,"No aplica",null,"Borrador De Nata",null,500,"Unidad",250,125000,"CDP-112216 Y DCP 121216"]
["Modificación de artículo o servicio",2,"Caja Para Archivo Central Referencia X-200",null,554,"Unidad",1597,{"$f":"ROUND(E48*G48, 2)","v":884738},"CDP-112216 Y DCP 121216",null,{"$f":"C48","v":"Caja Para Archivo Central Referencia X-200"},null,774,"Unidad",1597,1236078,"CDP-112216 Y DCP 121216"]
["Modificación de artículo o servicio",3,"Caja Para Archivo Referencia X-300",null,540,"Unidad",3306,{"$f":"ROUND(E49*G49, 2)","v":1785240},"CDP-112216 Y DCP 121216",null,{"$f":"C49","v":"Caja Para Archivo Referencia X-300"},null,840,"Unidad",3306,2777040,"CDP-112216 Y DCP 121216"]
["Agregar nuevo artículo o servicio","No aplica","No aplica",null,"No aplica","No aplica","No aplica",0,"No aplica",null,"Cera Para Contar - Cera Dactilar Cuenta Fácil ",null,200,"Unidad",778,155600,"CDP-112216 Y DCP 121216"]
["Agregar nuevo artículo o servicio","No aplica","No aplica",null,"No aplica","No aplica","No aplica",0,"No aplica",null,"Cinta Adhesiva De Empaque En Rollo",null,1500,"Unidad Rollo",2817,4225500,"CDP-112216 Y DCP 121216"]
["Agregar nuevo artículo o servicio","No aplica","No aplica",null,"No aplica","No aplica","No aplica",0,"No aplica",null,"Cinta Adhesiva Para Enmascarar 12Mm",null,200,"Unidad Rollo",1308,261600,"CDP-112216 Y DCP 121216"]
["Agregar nuevo artículo o servicio","No aplica","No aplica",null,"No aplica","No aplica","No aplica",0,"No aplica",null,"Cinta Adhesiva Transparente",null,500,"Unidad Rollo",459,229500,"CDP-112216 Y DCP 121216"]
["Agregar nuevo artículo o servicio","No aplica","No aplica",null,"No aplica","No aplica","No aplica",0,"No aplica",null,"Cintas Porta Escarapela Con Gancho",null,2500,"Unidad",294,735000,"CDP-112216 Y DCP 121216"]
["Agregar nuevo artículo o servicio","No aplica","No aplica",null,"No aplica","No aplica","No aplica",0,"No aplica",null,"Gancho No 23/14 Caja X 1000",null,500,"Caja",3348,1674000,"CDP-112216 Y DCP 121216"]
["Modificación de artículo o servicio",9,"Grapa No. 26/6 Caja X 5000",null,1000,"Caja",1401,{"$f":"ROUND(E56*G56, 2)","v":1401000},"CDP-112216 Y DCP 121216",null,{"$f":"C56","v":"Grapa No. 26/6 Caja X 5000"},null,1280,"Caja",1401,1793280,"CDP-112216 Y DCP 121216"]
["Agregar nuevo artículo o servicio","No aplica","No aplica",null,"No aplica","No aplica","No aplica",0,"No aplica",null,"Lápiz De Chequeo Mina Roja ",null,1025,"Unidad",400,410000,"CDP-112216 Y DCP 121216"]
["Agregar nuevo artículo o servicio","No aplica","No aplica",null,"No aplica","No aplica","No aplica",0,"No aplica",null,"Lápiz De Escritura Mina Negra Caja x 12 Unidades",null,1001,"Caja",2800,2802800,"CDP-112216 Y DCP 121216"]
["Agregar nuevo artículo o servicio","No aplica","No aplica",null,"No aplica","No aplica","No aplica",0,"No aplica",null,"Marcador Borrable Desechable",null,2000,"Unidad",838,1676000,"CDP-112216 Y DCP 121216"]
["Agregar nuevo artículo o servicio","No aplica","No aplica",null,"No aplica","No aplica","No aplica",0,"No aplica",null,"Marcador permanente  ",null,2000,"Unidad",587,1174000,"CDP-112216 Y DCP 121216"]
["Agregar nuevo artículo o servicio","No aplica","No aplica",null,"No aplica","No aplica","No aplica",0,"No aplica",null,"Marcador permanente punta delgada",null,2000,"Unidad",867,1734000,"CDP-112216 Y DCP 121216"]
["Agregar nuevo artículo o servicio","No aplica","No aplica",null,"No aplica","No aplica","No aplica",0,"No aplica",null,"Notas Autoadhesivas Estándar/ Taco/ Bloque/ Cubo De Minimo 100 Hojas",null,1000,"Unidad",1400,1400000,"CDP-112216 Y DCP 121216"]
["Agregar nuevo artículo o servicio","No aplica","No aplica",null,"No aplica","No aplica","No aplica",0,"No aplica",null,"Numerador Entintado Manual 6 Dígitos",null,96,"Unidad",2500,240000,"CDP-112216 Y DCP 121216"]
["Agregar nuevo artículo o servicio","No aplica","No aplica",null,"No aplica","No aplica","No aplica",0,"No aplica",null,"Numerador Entintado Manual 8 Dígitos",null,101,"Unidad",2667,269367,"CDP-112216 Y DCP 121216"]
["Modificación de artículo o servicio",10,"Papel Bond 75G Carta Caja X 10 Resmas",null,1862,"Caja",70000,{"$f":"ROUND(E65*G65, 2)","v":130340000},"CDP-112216 Y DCP 121216",null,{"$f":"C65","v":"Papel Bond 75G Carta Caja X 10 Resmas"},null,2767,"Caja",70000,193690000,"CDP-112216 Y DCP 121216"]
["Agregar nuevo artículo o servicio","No aplica","No aplica",null,"No aplica","No aplica","No aplica",0,"No aplica",null,"Pegante En Barra",null,880,"Unidad",2200,1936000,"CDP-112216 Y DCP 121216"]
["Agregar nuevo artículo o servicio","No aplica","No aplica",null,"No aplica","No aplica","No aplica",0,"No aplica",null,"Pegante Líquido 225G",null,500,"Unidad",1125,562500,"CDP-112216 Y DCP 121216"]
["Agregar nuevo artículo o servicio","No aplica","No aplica",null,"No aplica","No aplica","No aplica",0,"No aplica",null,"Perforadora Para Oficina De 2 Huecos ",null,80,"Unidad",10637,850960,"CDP-112216 Y DCP 121216"]
["Agregar nuevo artículo o servicio","No aplica","No aplica",null,"No aplica","No aplica","No aplica",0,"No aplica",null,"Perforadora Semindustrial 2 Huecos ",null,80,"Unidad",19515,1561200,"CDP-112216 Y DCP 121216"]
["Agregar nuevo artículo o servicio","No aplica","No aplica",null,"No aplica","No aplica","No aplica",0,"No aplica",null,"Pilas Aaa Recargables Par",null,5,"Dos Pilas",11743,58715,"CDP-112216 Y DCP 121216"]
["Agregar nuevo artículo o servicio","No aplica","No aplica",null,"No aplica","No aplica","No aplica",0,"No aplica",null,"Porta carnet rígido ",null,2486,"Unidad",350,870100,"CDP-112216 Y DCP 121216"]
["Agregar nuevo artículo o servicio","No aplica","No aplica",null,"No aplica","No aplica","No aplica",0,"No aplica",null,"Repuesto Bisturí 18Mm Paquete X 10 ",null,50,"Paquete",1227,61350,"CDP-112216 Y DCP 121216"]
["Agregar nuevo artículo o servicio","No aplica","No aplica",null,"No aplica","No aplica","No aplica",0,"No aplica",null,"Resaltador desechable",null,300,"Unidad",563,168900,"CDP-112216 Y DCP 121216"]
["Agregar nuevo artículo o servicio","No aplica","No aplica",null,"No aplica","No aplica","No aplica",0,"No aplica",null,"Sacaganchos Para Grapa",null,400,"Unidad",1071,428400,"CDP-112216 Y DCP 121216"]
["Agregar nuevo artículo o servicio","No aplica","No aplica",null,"No aplica","No aplica","No aplica",0,"No aplica",null,"Sobre De Correspondencia Con Ventanilla Paquete X 100",null,300,"Paquete",4500,1350000,"CDP-112216 Y DCP 121216"]
["Agregar nuevo artículo o servicio","No aplica","No aplica",null,"No aplica","No aplica","No aplica",0,"No aplica",null,"Tajalápiz",null,100,"Unidad",373,37300,"CDP-112216 Y DCP 121216"]
["Agregar nuevo artículo o servicio","No aplica","No aplica",null,"No aplica","No aplica","No aplica",0,"No aplica",null,"Tarjeta Pvc Calibre 30 Para Carnet Institucional Paquete X 100",null,25,"Paquete",22111,552775,"CDP-112216 Y DCP 121216"]
["Agregar nuevo artículo o servicio","No aplica","No aplica",null,"No aplica","No aplica","No aplica",0,"No aplica",null,"Tijera De Acero Inoxidable",null,50,"Unidad",2487,124350,"CDP-112216 Y DCP 121216"]
["Agregar nuevo artículo o servicio","No aplica","No aplica",null,"No aplica","No aplica","No aplica",0,"No aplica",null,"Tinta Para Sello X 28 A 30 C.C. Roja",null,200,"Unidad",1327,265400,"CDP-112216 Y DCP 121216"]
["Agregar nuevo artículo o servicio","No aplica","No aplica",null,"No aplica","No aplica","No aplica",0,"No aplica",null,"Gancho No. 23/8 Caja X 1000",null,500,"Unidad",2451,1225500,"CDP-112216 Y DCP 121216"]
[]
[null,null,null,null,null,null,"Cantidad de celdas a agregar:",null,1]
[]
[]
["Sección 5: Resultados de la modificación"]
[]
["Número de la línea según O.C.","Nombre del artículo",null,null,null,"Valores actuales",null,null,"Nuevos valores"]
[null,"Valor de la línea IVA en la Orden de Compra:",null,null,null,{"$f":"ROUND(M88, 2)","v":36757049.219999999},null,null,55460796.740000002,null,null,null,36757049.219999999]
[null,"Valor de la línea AIU en la Orden de Compra:"]
[null,"Valor de la línea gravámenes adicionales en la Orden de Compra:"]
[]
[null,null,null,null,null,null,null,null,null,null,null,"2016-12-30"]
[]
[]
[null,"Firma ordenador del gasto",null,null,null,null,"Firma de Proveedor",null,null,null,null,"Fecha de elaboración"]
[]
["Nombre:","ALBERTO FERRO CASAS",null,null,null,"Nombre:","LILIANA YANNETH UNIBIO CAMARGO",null,null,null,"Las partes manifestamos que este mismo documento se cargará en la plataforma en formato Excel (.xlsm) y los cambios se pueden validar con el mismo."]
["Documento de Identidad:",80410604,null,null,"Documento de Identidad:",null,"52,531,242"]

{"sheet":"Instructivo de Diligenciamiento","index":1,"n_rows":4,"n_cols":2,"rows_kept":4,"cut":false,"hidden":false,"merged":[[3,1,82,10]]}
[]
[]
[]
[null,"Instrucciones de diligenciamiento:\n\nColombia Compra Eficiente ha diseñado este formato para que las Entidades Compradoras puedan realizar aclaraciones, modificaciones, cancelaciones o terminaciones y liquidaciones de las Órdenes de Compra que estén en ejecución y vigentes, o ejecutadas. Para ello debe indicar:\n\nDatos generales: Datos básicos como número de la Orden de Compra que requiere cambiar, número consecutivo de solicitud tenga en cuenta que la primera solicitud corresponderá a la número “1”, nombre de la Entidad Compradora, nombre de la persona que solicita las acciones, celular o número de teléfono y extensión, NIT de la Entidad Compradora y el nombre del Proveedor que ejecuta la Orden de Compra.\n\nSección 1. Tipo de acción: Las Entidades pueden solicitar cuatro tipos de acciones respecto de las Órdenes de Compra:\n\n(i) Aclaraciones: Son las indicaciones de cambio de información que no afectan el plazo, el valor o las condiciones contractuales de las Órdenes de Compra como: redacción en las condiciones de entrega, errores de digitación  o rectificación de la fecha de vencimiento. Estas aclaraciones no requieren de la aceptación del Proveedor. Sin embargo una vez realizada la aclaración en la Orden de Compra, la Entidad Compradora debe notificarle al Proveedor el cambio. \n\n(ii) Modificaciones: Son indicaciones de cambio en aumento o disminución de valor o plazo,  aumento o disminución de los bienes o servicios solicitados, cambios en las condiciones de ejecución o datos que afecten la ejecución de la Orden de Compra. Solo en los casos de cambio de supervisor y datos de notificación como dirección o teléfono se puede omitir la firma del Proveedor. Sin embargo una vez realizada la modificación, la Entidad Compradora debe notificarle al Proveedor el cambio.\n\n(iii) Cancelación: Es la manifestación de la Entidad de no iniciar la ejecución de la Orden de Compra la cual también debe ser aceptada por el Proveedor.\n\n(iv) Terminación y Liquidación: Este tipo de acción es mediante la cual una Entidad Compradora formaliza la terminación y liquidación de las obligaciones derivadas de la Orden de Compra y así establece las acreencias pendientes a favor o en contra de cada parte de la Orden de Compra, también sirve para aclarar la ejecución de la misma o realizar la terminación anticipada en caso de que las partes así lo deseen. Este tipo de acción se debe aplicar dentro de los términos establecidos en cada Acuerdo Marco de Precios, para lo cual se requiere la solicitud por parte de la Entidad Compradora firmada por el Ordenador del Gasto y el representante legal del Proveedor, así como el informe del supervisor de la Orden de Compra. \n\nSección 2.  Justificación: Las razones de la realización del cambio de la Orden de Compra.\n\nSección 3. Modificación información general: la idea en esta sección es indicar cuales son los datos de información general de la orden de compra que requiere cambiar\n\nSección 4. Modificación de artículos o servicios: esta sección unicamente aplica en caso de que la acción a realizar sea modificar o terminar y liquidar la orden de compra, allí deberá indicar el tipo de midificación que desea realizar e ingresar o modificar los articulos que desea ajustar. Al momento de diligenciar esta sección tenga en cuenta las siguientes recomendaciones:\n\n(i) Las correcciones en el plazo de ejecución son diferentes a las modificaciones en el plazo, ejemplo: la Entidad Compradora adquirió elementos con tres entregas parciales pero digitó como fecha final de la Orden de Compra la fecha de la primera entrega, para corregir esto la Entidad Compradora selecciona en tipo de acción: aclaración y en el campo de fecha de vencimiento indica la fecha correcta. En el caso que fuera cambio de fecha fin, ejemplo: prorrogar o disminuir varios meses la ejecución de la Orden de Compra se utiliza en tipo de acción: modificación.\n\n(ii) para la realización de las modificaciones tenga en cuenta las secciones de modificación de cada una de las guías de compra\n\n(iii) los valores y cantidades solo pueden tener hasta dos decimales.\n\n(iv) la decisión de modificar, adicionar o combinar las dos opciones dependerá de las necesidades de cada Entidad Compradora, ejemplo si es un servicio y adicionalmente solo requiere modificar “cantidad” se recomienda seleccionar “modificación de artículo”, cuando son bienes puede modificar cualquiera de los demás campos.\n\n(v) si requiere cambio de condiciones de un servicio ya ejecutado se recomienda modificar la línea para que se refleje la parte ejecutada y adicionar una nueva línea para las nuevas condiciones del servicio que va a ejecutar.\n\nSección 5. Resultados de la modificación: La entidad siempre debe indicar en el recuadro el valor total del IVA, AIU, gravámenes adicionales, estos campos serán los valores finales que quedarán en la Orden de Compra después de la modificación, tenga en cuenta que el campo de IVA no aplica para algunos AMP como: papelería, vehículos y SOAT y que el campo de AIU solo aplica para aseo y cafetería.\n\nFirmas del documento: El ordenador del gasto de la Entidad Compradora debe firmar el documento y enviarlo al Proveedor para que lo acepte y firme, en caso de que así se requiera. El documento firmado debe ser enviado a través del aplicativo dispuesto por   Colombia Compra Eficiente para realizar las acciones solicitadas.\n\nFecha de elaboración del documento: Corresponde a la fecha en la que la Entidad Compradora y el Proveedor llegaron a un acuerdo para realizar las acciones y se suscribe el documento, recuerde que: (i) para poder realizar modificaciones en las Órdenes de Compra las mismas se deben acordar dentro de la vigencia de la Orden de Compra, (ii) Las órdenes de compra no se podrán modificar si ya se encuentran vencidas, (iii) Se da por realizada la modificación o acción que requiera realizar la Entidad, desde le momento en que las partes la firmen. Colombia Compra Eficiente lo único que realiza en la Tienda Virtual es el proceso de publicación de la modificación o ajuste que las partes hayan acordado a través de la firma de este documento. \n\nSi la Entidad Compradora requiere agregar archivos que estén relacionados con las acciones a realizar como: copia del CDP y/o aprobación de Vigencia Futura (VF) que soporta la adición, soportes documentales, correos, cartas, etc... debe publicarlos junto con el documento de modificación suscrito en un único archivo .Pdf con alta resolución de escaneo, si el documento no es legible se tomaran los cambios contenidos en el formato Excel, tenga en cuenta que Colombia Compra Eficiente únicamente publicará las modificaciones especificadas en el formato enviado por el aplicativo.\n\n"]

{"sheet":"Listas","index":2,"n_rows":5,"n_cols":3,"rows_kept":5,"cut":false,"hidden":true,"merged":[]}
["TipoDeModificacion",null,"Modificacion"]
["Modificación de la Orden de Compra",null,"Modificación de artículo o servicio"]
["Aclaración a la Orden de Compra",null,"Agregar nuevo artículo o servicio"]
["Cancelación de la Orden de Compra",null,"Eliminar artículo o servicio"]
["Terminación y Liquidación de la Orden de Compra",null,"Ninguna"]